000 01167nam0a2200313 4500
001 RU\NLR\bibl\113179
005 20260406132507.0
010 _a5-04-001075-3
_912100
021 _aRU
_b2000-21557
_91012
035 _a(NLR Aleph) 000110794
090 _a628419
_c628419
100 _a20001016d2000 |||y0rusy50 ca
101 0 _arus
102 _aRU
105 _ay |||||||||
200 1 _aБратва: кровь за кровь
_e(Проклятие царя Мидаса)
_e[Повести]
_fЕвгений Монах
210 _aМ.
_cЭКСМО-Пресс
_cЭКСМО-МАРКЕТ
_d2000
215 _a396, [2] с.
_d17
225 1 _aРусский бестселлер
_eРБ
327 1 _aСодерж.: Кровавая Мэри; Побеждающий наследует все; Рассчитывай на лучшее
686 _aШ6(2=Р)75-446
700 1 _4070
_8rus
_7ca
_aМонах
_bЕ. М.
_gЕвгений Михайлович
_3RU\NLR\auth\771902
_9111919
801 0 _aRU
_bNLR
_c20001016
_gPSBO
801 1 _aRU
_bNLR
_c20001016
852 _aNLR
_j2000-2/1678
942 _cBOOK
980 _aNB